kku e-library facility

Essential Principles of Physics for Senior Secondary School and Also OND and Remedials (Record no. 214)

MARC details
000 -LEADER
fixed length control field 00453nam a2200133 4500
005 - DATE AND TIME OF LATEST TRANSACTION
control field 20260410124824.0
008 - FIXED-LENGTH DATA ELEMENTS--GENERAL INFORMATION
fixed length control field 260410b |||||||| |||| 00| 0 eng d
020 ## - INTERNATIONAL STANDARD BOOK NUMBER
International Standard Book Number 978-32985-5-0
100 ## - MAIN ENTRY--PERSONAL NAME
Personal name Ike E. Emeka
245 ## - TITLE STATEMENT
Title Essential Principles of Physics for Senior Secondary School and Also OND and Remedials
Statement of responsibility, etc. /Emeka E Ike
260 ## - PUBLICATION, DISTRIBUTION, ETC.
Place of publication, distribution, etc. Jos, Nigeria;
Name of publisher, distributor, etc. Enic Education Consultants and Publishers;
Date of publication, distribution, etc. 2021
300 ## - PHYSICAL DESCRIPTION
Extent xvi,732p.ill;
Dimensions 22cm
942 ## - ADDED ENTRY ELEMENTS (KOHA)
Source of classification or shelving scheme Library of Congress Classification
Suppress in OPAC No
Koha item type Books

No items available.

©2025 All rights reserved. KKU